| 000 | 01028njm a22002657a 4500 | ||
|---|---|---|---|
| 005 | 20100913100347.0 | ||
| 007 | sd ammalaaahaa | ||
| 008 | 100913t xxu||||| |||| 00| 0 hin d | ||
| 028 |
_a3AEX.5013 _bODEON |
||
| 035 | _aGR-03201 | ||
| 040 | _aSED/VEN | ||
| 100 | _919606 | ||
| 245 |
_aAll time favourites of Lata Mangeshkar Part 1 & 2 / _cby Lata Mangeshkar _h[sound recording] : |
||
| 246 | _aआल टाइम फवौरितेस ऑफ़ (लता मंगेशकर) | ||
| 260 |
_aDum Dum, India _bODEON _c1962 |
||
| 300 |
_a1 sound disc [Gramophone record] : _banalog, 33. 1/3 rpm _c12 in. (LP) _fGramophone record |
||
| 500 | _aBrief record. | ||
| 500 | _aODEON | ||
| 500 | _aBlack | ||
| 505 |
_aPart 1 Mahfil men jal uthi shama (Nirala) ( Lata Mangeshkar) Part 2 Ab raat guzarne wali hai (Awara) _r |
||
| 650 |
_aClassical Music _xExcerpts _zIndia _919607 _vFilmi song |
||
| 700 | _91184 | ||
| 942 |
_2ddc _cGR |
||
| 999 |
_c46515 _d46515 |
||